000 00450cam a22001934a 4500
005 20250605164321.0
008 250528s ||||||||||||||||||||||||d
035 _a22927
020 _a9780072424126
040 _aGR-AtMCL
_bgre
_dGR-AtMCL
_eAACR2
245 1 _aPROGRAMMING IN C++
250 _a1
260 _bMcgraw Hill,
_c2004
300 _a954
700 1 _aD'Orazio Timothy B
_98557
942 _cBK
999 _c7970
_d7970